000 00597nam a22001937a 4500
999 _c5830
_d5830
003 GBCCL
005 20241126110550.0
008 180409b ||||| |||| 00| 0 eng d
040 _cgbc
082 _a231.4
_bWAT
100 _aWatson, G. D.
_910550
245 _aOur own God:
_bTreating of the Personalities, the Knowledge,and the Fellowship of God /
_cG. D. Watson
260 _bRevivalist Office,
_aCincinnati:
_c1904
300 _a271 p.;
_c19 cm.
650 _aGod
_vAttributes
_98530
650 _aGod
_vKnowableness
_910551
650 _aMethodist Church
_vDoctrines
_910552
942 _2ddc
_cBK
_02